000
00318 a2200157 4500
001
150583
040
_c
Escola São Tomás de Aquino
100
_a
MACCARI, Natália
240
1
0
_a
O natal
_l
por
245
1
0
_a
O natal
300
_a
15
362
0
_a
1996
440
1
_a
Paulinas
697
_a
RELIGIÃO
942
_c
BK
999
_c
150583
_d
150583